000 00667cam a22002293a 4500
001 38993
003 PGUSA
005 20140828083848.0
008 120303s2012||||xxu|||||s|||||000 | eng d
040 _aPGUSA
_beng
042 _adc
100 1 _aHardy, G. H.
_q(Godfrey Harold),
_d1877-1947
245 1 4 _aThe Integration of Functions of a Single Variable
_h[electronic resource] /
_cG. H. Hardy
260 _bProject Gutenberg,
_c2012
506 _aPublic domain in the USA.
516 _aElectronic text
700 1 _aSmithies, F.
700 1 _aHall, P.
830 0 _aProject Gutenberg
_v38993
856 4 0 _uhttp://www.gutenberg.org/ebooks/38993
942 _cEB
999 _c268246
_d268246